| 000 | 00932nam a2200277 i 4500 | ||
|---|---|---|---|
| 001 | bg | ||
| 100 | 1 | _aKOŹMA, Zbigniew | |
| 245 | 0 | 0 |
_aKodeks cywilny z orzecznictwem. _nT. 2 / _coprac. Zbigniew Koźma, Mirosław Ożóg. |
| 250 | _a[Wyd.2]. | ||
| 260 |
_aSopot : _bWydaw. Prawnicze "LEX", _c1997. |
||
| 300 |
_a461-1519, [1] s. ; _c24 cm. |
||
| 490 | 1 | _aKodeksy z Orzecznictwem | |
| 500 | _aStan prawny kodeksu cywilnego 12 kwietnia 1997 z uwzględnieniem opublikowanych zmian wchodzących w życie 1 stycznia 1998 r. | ||
| 504 | _aZawiera wykaz zamieszczonych orzeczeń. | ||
| 650 | 9 |
_aPrawo cywilne _zPolska _ystan na 1997 r. |
|
| 650 | 9 |
_aOrzecznictwo cywilne _xPolska |
|
| 700 | 1 | _aOŻÓG, Mirosław | |
| 830 | _aKodeksy z Orzecznictwem | ||
| 020 | _a8371590636 | ||
| 040 | _cBPK | ||
| 041 | 0 | _apl | |
| 080 | _a347(438) | ||
| 920 | _a83-7159-063-6 | ||
| 942 | _cKS | ||
| 008 | s pl f |000 0 pol | ||
| 999 |
_c31426 _d31426 |
||
| 856 |
_uhttp://koha.tu.koszalin.pl/cgi-bin/koha/opac-detail.pl?biblionumber=31426 _yKatalog online BPK |
||